000 00320nam a22001217a 4500
008 180822b xxu||||| |||| 00| 0 eng d
041 _aeng
080 _a616.8
100 _a7
101 _aTRU
245 _aANEURYSMSS AND ARTERIOVENOUS ANOMALIES OF THE BRAIN DIAGNOSIS AND TREATMENT
_cPOOL.L.J
942 _2udc
_cBK
999 _c47259
_d47259